| 000 | 00884nam1a22002651i 4500 | ||
|---|---|---|---|
| 001 | RU\NLR\INFOCOMM_253\5000007029 | ||
| 005 | 20240724151240.0 | ||
| 010 | _92000 экз. | ||
| 035 | _a(NLR Aleph) 009167796 | ||
| 090 |
_a8493992 _c8493992 |
||
| 100 | _a20100216d1992 |||y0rusy50 ba | ||
| 101 | 1 | _afre | |
| 102 | _aRU | ||
| 105 | _ay ||||000|y | ||
| 200 | 1 |
_aBusiness-carte de la Russie _eZone centr. _eIndustrie _f[Aut.: O. V. Youferev et al. _gTrad.: Boïkov Igor Semenovitch] |
|
| 210 |
_aМосква _cНИК _d1992 |
||
| 215 | _d21 см | ||
| 300 | _aВ вып. дан.: Бизнес-карта России: центр. зона | ||
| 686 |
_aУ30(2Р34)я2 _2rubbk |
||
| 701 | 1 |
_9z02790 _aJuferev _bO. V. _gOleg Vasil'evič _4070 |
|
| 790 | 1 |
_9z02701 _aYouferev _bO. V. _4070 |
|
| 801 | 1 |
_aRU _bNLR _c20100216 |
|
| 801 | 0 |
_aRU _bNLR _gPSBO |
|
| 852 |
_aNLR _jЭк41 Д-3/215 |
||
| 942 | _cBOOK | ||